2000 1472 1078 1666 1890 1511 1900 1468 1382 1102 1054 1862 1618 1524 1593 1215 1468 1605 1786 1816 1557 1938 1757 1136 1955 1121 1002 1751 1263 1378 1340 1447 1280 1354 1323 1741 1497 1337 1084 1392 1712 1048 1496 1334 1074 1614 1306 1223 1112 1653 1746 1317 1072 1496 1127 1195 1402 1554 1043 1657 1600 1532 1332 1493 1331 1882 1540 1320 1853 1769 1705 1820 1208 1005 1261 1369 1934 1768 1655 1710 1407 1063 1790 1559 1199 1623 1293 1011 1817 1754 1679 1939 1023 1877 1968 1664 1179 1320 1110 BCNSPRNW ULIB Ver.6.0+V

เปลี่ยนเป็นภาษาไทย

Change to English
 แสดงรายละเอียดบรรณานุกรม
  กลับหน้าหลัก

Brief Record : Get Marc (ISO 2709) : E-mail record : QR code < ปิดหน้าต่าง
LEADER : 00000nam 2200000uu 4500
001    13399111050
003     ULIB
008    110615s||||||||th 000 0 tha d
020    9789749461679
050  4 B5134.K754^bก281ด 2550
100 1  กฤษณมูรติ, จิฑฑุ,^dค.ศ. 1895-1986
245 10 แด่หนุ่มสาว /^cกฤษณมุรติ ; แปลโดย พจนา จันทรสันติ
250    พิมพ์ครั้งที่ 15
260    กรุงเทพฯ :^bมูลนิธิโกมลคีมทอง,^c2550
300    159 หน้า ;^c21 ซม.
600 07 กฤษณมูรติ จิฑฑุ,^dค.ศ. 1895-1986
650  7 การดำเนินชีวิต
650  7 ปรัชญาอินเดีย
700 0  พจนา จันทรสันติ,^eผู้แปล
945    ^p120^l0^i026694
995    ทศพร
999 ^a ใช้งานได้ทุกระบบ
รายการนี้ยังไม่มีแท็ก
คุณยังไม่ได้ล็อกอิน คุณสามารถมีกิจกรรมร่วมกับเว็บไซต์ได้ แต่ต้องล็อกอินก่อน ::
  ล็อกอิน

รายการสื่อสารสนเทศ

ลำดับที่ ประเภท เลขเรียก/บาร์โค้ด สถานที่ สถานะ
- ไม่พบข้อมูล -

รายการใกล้เคียง
    หัวเรื่อง [การดำเนินชีวิต]
    หัวเรื่อง [ปรัชญาอินเดีย]

BibComment


ยังไม่เคยถูกคอมเมนท์

คอมเมนท์ทรัพยากรรายการนี้
  คอมเมนท์: แด่หนุ่มสาว กฤษณ..


 Copyright 2026. Bcnsprnw @Library